LEADER 01029nam0 2200265 450 001 000008472 005 20071107104643.0 100 $a20071106f1831----km-y0itay50------ba 101 0 $afre 102 $aFR 200 1 $aDescription et usages de l'uranographie$edressée sous l'inspection de m. Bouvard astronome$fpar Ch. Dien$gla position des étoiles a été dèduite par m. Marion 205 $aDeuxième edition 210 $aParis$cBachelier$d[1831]$eParis$gImprimerie et fonderie de Rignoux 215 $aVII, [1], 56, [2] p.$d22 cm 482 1$1001000008468$12001$aUsages des globes et de la sphère, perfectionnés / par Ch. Dien 620 $aFrancia$dParigi 676 $a520 (Astronomia)$v21 700 1$aDien,$bCharles$f<1809-1870>$0630597 702 1$aBouvard,$bAlexis$f<1767-1843> 712 02$aBachelier$4650 801 0$aIT$bUNIPARTHENOPE$c20071106$gRICA$2UNIMARC 912 $a000008472 951 $aBORB-L-15/B$b199O bis$cFB$d2007 996 $aDescription et usages de l'uranographie$91204410 997 $aUNIPARTHENOPE